000 00781nam a2200241Ia 4500
003 OSt
005 20220926002605.0
006 a|||||r|||| 00| 0
007 ta
008 220923b |||||||| |||| 00| 0 eng d
037 _cGeneral Book
040 _aRTL
_cRTL
_beng
041 _2eng
_aeng
082 _aX9(U8)-65291.2.N7, L5
110 _aNational Council of Applied economic Research
_9141110
245 0 _aCost-benefit study of tourism
260 _a New Delhi
_bNational Council of Applied economic Research India
_c1975
300 _axi, 91p. Appendix p. 87-91
_ccm.
650 _aTravel Industry
700 _aNational Council of Applied economic Research
_9141111
942 _hX9(U8)-65291.2.N7, L5
_cGB
_2CC
999 _c605488
_d605488